Statistics for NBA Top 30 Defensive Players of All-Time

Click here to take the quiz!

General Stats

  • This quiz has been taken 208 times
  • The average score is 18 of 25

Answer Stats

#TeamPositionPlayer% Correct
1Chicago BullsSGMichael Jordan
99%
2Chicago BullsSFScottie Pippen
98%
1Seattle SuperSonicsPGGary Payton
95%
1Houston RocketsPFHakeem Olajuwon
94%
3San Antonio SpursPFTim Duncan
93%
1Boston CelticsCBill Russell
92%
1Chicago BullsSFDennis Rodman
92%
2Minnesota TimberwolvesPFKevin Garnett
91%
3Los Angeles LakersSGKobe Bryant
91%
2Denver NuggetsCDikembe Mutombo
83%
3Detroit PistonsCBen Wallace
82%
4Orlando MagicCDwight Howard
82%
4San Antonio SpursPFDavid Robinson
77%
5Golden State WarriorsCWilt Chamberlain
76%
3San Antonio SpursSFKawhi Leonard
75%
4Detroit PistonsSGJoe Dumars
72%
2New York KnicksPGWalt Frazier
72%
2Milwaukee BucksSGSidney Moncrief
63%
3Boston CelticsPGDennis Johnson
60%
4San Antonio SpursPGAlvin Robertson
49%
5San Antonio SpursSFBruce Bowen
43%
5Philadelphia 76ersPGMaurice Cheeks
43%
5Los Angeles LakersSGMichael Cooper
41%
4Philadelphia 76ersSFBobby Jones
34%
5New York KnicksPFDave DeBusschere
18%

Score Distribution

Percentile by Number Answered

Percent of People with Each Score

Your Score History

You have not taken this quiz